| 000 | 01010nam a2200241Ia 4500 | ||
|---|---|---|---|
| 003 | OSt | ||
| 005 | 20241101134107.0 | ||
| 007 | ca aa aaaaa | ||
| 008 | 201103s9999 xx 000 0 und d | ||
| 040 | _cSSBUL | ||
| 041 | _abur | ||
| 082 |
_223 _a၂၉၄.၃၄၄၃၅ ဇာ _b၉၃၆၂ S-SAT |
||
| 100 | 0 |
_aဇာဂရမထေရ်၊ ဦး၊ နံယော- _955126 |
|
| 245 | 1 | 0 |
_aစတုဘုမ္မိကကျင့်စဉ် / _cနံယော ဦးဇာဂရမထေရ်။ |
| 250 | _aစတုတ္ထအကြိမ်။ | ||
| 260 |
_aမန္တလေး ၊ _bကြီးပွားရေးစာပုံနှိပ်တိုက်၊ _c၁၉၅၅။ |
||
| 300 |
_a၁၀၀ စာမျက်နှာ ၊ _b၁၉ စင်တီ။ |
||
| 500 | _aS-SAT: Dr. Sai Aung Tun | ||
| 650 | _aဝိပဿနာ | ||
| 650 |
_aမဟာသတိပဋ္ဌာန် _955127 |
||
| 650 |
_aပုတီးစိတ်နည်း _955128 |
||
| 942 |
_2ddc _cBK1 |
||
| 999 |
_c16868 _d16868 |
||